00473nam a2200145 a 450000100100000000500170001000800410002704000250006808200160009310000290010924500990013825000110023726000580024830000210030600003367920200930070433.0110905s1873 dr r 000 0 spa d aDO-SdBNPbspacBNPHU axxxxbG643c1 aGonzález, Juan Vicente10aCompendio de grámatica castellana :bsegun Salva y otros autores /cJuan Vicente González. a5a ed. aSanto Domingo :bImprenta de García Hermano,c1873. a177 p. ;c17 cm.